000 00425nam a2200181Ia 4500
001 22870
005 20260414150859.0
008 260414t2012||||xx |||||||||||||| ||spa||
041 _aESP
082 _a624.15136
_bK451
100 _aKnappett, J. A.
_eAUT
245 0 _aCraig's soil mechanics
_b
260 _c2012
300 _axxv, 552 páginas :
_c25 cm.
650 _a0
654 _aCIC
942 _cLIB
_dJUS
_fJUS
_2ddc
_n
999 _c22870
_d22870